Statistics for City By Country #2 (With a Map)

Click here to take the quiz!

General Stats

  • This quiz has been taken 25 times
  • The average score is 23 of 30

Answers on the Map

Answers color-coded by a green-red scale on the quiz's map according to % correct below.
 

Answer Stats

Answer% Correct
Abuja
88%
Antananarivo
88%
Kharkiv
88%
Malaga
88%
Port Moresby
88%
Santiago
88%
Tours
88%
Bangkok
83%
Basrah
83%
Maputo
83%
Mogadishu
83%
Mombasa
83%
Sana'a
83%
Windhoek
83%
Juba
79%
Kabul
79%
Tangier
79%
Uppsala
79%
Bulawayo
75%
Lusaka
75%
Ashgabat
71%
Bangui
71%
Douala
71%
Gaborone
71%
Maracaibo
71%
Napyidaw
67%
Samarqand
67%
Quetta
63%
Asuncion
42%
Samsun
38%

Score Distribution

Percentile by Number Answered

Percent of People with Each Score

Your Score History

You have not taken this quiz